Politics of federalism in Pakistan / (Record no. 3103)

000 -LEADER
fixed length control field 01184cam a2200349 a 4500
001 - CONTROL NUMBER
control field 14418680
003 - CONTROL NUMBER IDENTIFIER
control field OSt
005 - DATE AND TIME OF LATEST TRANSACTION
control field 20180117085958.0
008 - FIXED-LENGTH DATA ELEMENTS--GENERAL INFORMATION
fixed length control field 060619s2006 pk a b 001 0 eng
010 ## - LIBRARY OF CONGRESS CONTROL NUMBER
LC control number 2006333396
020 ## - INTERNATIONAL STANDARD BOOK NUMBER
International Standard Book Number 9698721150
025 ## - OVERSEAS ACQUISITION NUMBER
Overseas acquisition number P-E-2006333396 ; 29
040 ## - CATALOGING SOURCE
Original cataloging agency DLC
Transcribing agency DLC
042 ## - AUTHENTICATION CODE
Authentication code lcode
043 ## - GEOGRAPHIC AREA CODE
Geographic area code a-pk---
050 00 - LIBRARY OF CONGRESS CALL NUMBER
Classification number JQ629.A56
Item number D42 2006
100 ## - MAIN ENTRY--PERSONAL NAME
Relator code Mehrunnisa ali
245 00 - TITLE STATEMENT
Title Politics of federalism in Pakistan /
Statement of responsibility, etc. Mehrunnisa Ali
260 ## - PUBLICATION, DISTRIBUTION, ETC.
Place of publication, distribution, etc. Karachi
Name of publisher, distributor, etc. Royal Book Company
Date of publication, distribution, etc. 2006.
300 ## - PHYSICAL DESCRIPTION
Extent xx,170 p. :
Other physical details ill. ;
Dimensions 24 cm.
504 ## - BIBLIOGRAPHY, ETC. NOTE
Bibliography, etc. note Includes bibliographical references and index.
650 #0 - SUBJECT ADDED ENTRY--TOPICAL TERM
Topical term or geographic name entry element Federal government
Geographic subdivision Pakistan.
650 #0 - SUBJECT ADDED ENTRY--TOPICAL TERM
Topical term or geographic name entry element Provincial governments
Geographic subdivision Pakistan.
700 1# - ADDED ENTRY--PERSONAL NAME
Personal name Cheema, Pervaiz Iqbal,
Dates associated with a name 1940-
700 1# - ADDED ENTRY--PERSONAL NAME
Personal name Khan, Rashid Ahmad.
710 2# - ADDED ENTRY--CORPORATE NAME
Corporate name or jurisdiction name as entry element Islamabad Policy Research Institute.
710 2# - ADDED ENTRY--CORPORATE NAME
Corporate name or jurisdiction name as entry element Hanns-Seidel-Stiftung.
906 ## - LOCAL DATA ELEMENT F, LDF (RLIN)
a 7
b cbc
c origode
d 3
e ncip
f 20
g y-gencatlg
942 ## - ADDED ENTRY ELEMENTS (KOHA)
Source of classification or shelving scheme
Koha item type Book
Holdings
Withdrawn status Lost status Source of classification or shelving scheme Damaged status Not for loan Collection code Permanent Location Current Location Shelving location Date acquired Full call number Barcode Date last seen Price effective from Koha item type
            NUST Law School (NLS) NUST Law School (NLS) General Stacks 05/12/2016 321.02 MEH S3H-N-519 05/12/2016 05/12/2016 Book
© 2023 Central Library, National University of Sciences and Technology. All Rights Reserved.